Statistics for Greenland Country Quiz

Click here to take the quiz!

General Stats

  • This quiz has been taken 15,518 times
    (15,482 since last reset)
  • The average score is 11 of 16

Answer Stats

ClueAnswer% Correct
Greenland is an autonomous part of this countryDenmark
99%
Countries which lie closest to GreenlandCanada
97%
Countries which lie closest to GreenlandIceland
97%
Country which offered to buy Greenland for $100 million in 1946United States
96%
Group of people who settled Greenland starting in 986 A.D.Norse
91%
88% of Greenlanders belong to this ethnic group starting with IInuit
85%
Capital cityNuuk
75%
Animal on the coat of armsPolar bear
75%
Food product which accounts for most of Greenland's exportsFish
72%
Person who founded that settlementErik the Red
67%
Sadly, Greenland has a _____ rate nearly twice that of any country in the worldSuicide
59%
Common map projection which makes Greenland appear to be nearly the size of Africa,
even though Africa is 14x bigger
{Mercator} Projection
55%
What covers 81% of the area of GreenlandGreenland ice {sheet}
51%
Animal found off the coast of Greenland thought to have the longest life span
of any vertebrate (300-500 years)
Greenland {Shark}
47%
Large bovid which lives in northern Greenland{Musk}ox
39%
Official languageGreenlandic
37%

Score Distribution

Percentile by Number Answered

Percent of People with Each Score

Your Score History

You have not taken this quiz since the last reset